LEADER 01373nam a2200301 u 4500 001 000000115870 003 CaOOAMICUS 005 20090526172646.0 008 090526s2009 it u000 u ita r 020 $z978-88-10-50698-1* 040 $aPUL$bita$dLDB 041 1 $aita$hspa 100 1 $aAlonso Rodríguez, Severino-María.$0(OLS)http://pul/name/71899 240 10$aAutoridad en la vida consagrada.$lItaliano.$0(OLS)http://pul/title/145602 245 12$aL'autorità nella vita consacrata :$bun carisma di animazione e comunione /$cSeverino-María Alonso Rodríguez. 260 $aBologna :$bEDB,$cc2009. 300 $a227 p. ;$c21 cm 490 1 $aProblemi di vita religiosa 504 $aBibliografia in nota. 650 4$aVita consacrata.$0(OLS)http://pul/subject/13125 650 4$aAutorità ecclesiastica (diritto canonico).$0(OLS)http://pul/subject/12858 830 0$aProblemi di vita religiosa.$0(OLS)http://pul/title/55275 850 $aPUL 852 $aPUL$W1$xSL Religione 3$y85$m248. 8 ALOSE 1$j132770$qDDC 21$B131766$CPULBib$Z2$F131766 $H110250 $82 941 1 $a9 996 $6020$z978-88-10-50698-1*$9(OLS)http://pul/number/140866 996 $6245$aL'autorità nella vita consacrata :$bun carisma di animazione e comunione$9(OLS)http://pul/title/145603 996 $6260$aBologna :$bEDB$9(OLS)http://pul/publisher/56073 LEADER 01022nam a2200253 u 4500 001 000000063180 003 CaOOAMICUS 005 20070226121221.0 008 011019s1962 fr u000 u fre u 035 $a10907162 040 $aPUL(R)$bita 100 1 $aGrenet, P.-B.$q(Paul-Bernard).$0(OLS)http://pul/name/10703 245 14$aLes 24 thèses thomistes :$b(de l'évolution à l'existence) /$cP. B. Grenet. 260 $aParis :$bP. Tequi,$c1962. 300 $a381 p. ;$c20 cm 504 $aBibliografia in nota. 600 04$aThomas Aquinas,$cs.,$dc. 1225-1274$xCritica e interpretazione.$0(OLS)http://pul/subject/435 650 4$aNeoscolastica.$0(OLS)http://pul/subject/5922 850 $aPUL 852 $aPUL$W1$xDP2 Religione 1$y63$m71 A 36$j82017$nBK-PRI$qStampati$B82017$CPULBib$Z2$F82017 $82 941 1 $a8 961 $aINV: 23544 996 $6245$aLes 24 thèses thomistes :$b(de l'évolution à l'existence)$9(OLS)http://pul/title/84262 996 $6260$aParis :$bP. Tequi$9(OLS)http://pul/publisher/53047